Ένα αρχαίο μοτίβο στο τραγούδι "του γεφυριού της Άρτας"
Saved in:
| Main Author: | |
|---|---|
| Format: | Book |
| Language: | Greek |
| Published: |
Αθήναι :
Ελληνική Λαογραφική Εταιρεία,
1982
|
| Subjects: | |
| Tags: |
Add Tag
No Tags, Be the first to tag this record!
|
MARC
| LEADER | 00000nam a2200000 i 4500 | ||
|---|---|---|---|
| 001 | 1/11481 | ||
| 008 | 000912s1982 gre d | ||
| 035 | |l 10063848 | ||
| 040 | |a GR-MY-UA |b gre |e aacr | ||
| 041 | 0 | |a gre | |
| 082 | 0 | |a 888.86 | |
| 100 | 1 | |a Μηνάς, Κωνσταντίνος. | |
| 245 | 1 | 0 | |a Ένα αρχαίο μοτίβο στο τραγούδι "του γεφυριού της Άρτας" |h [ανάτυπο] / |c Κωνστ. Μηνάς |
| 260 | |a Αθήναι : |b Ελληνική Λαογραφική Εταιρεία, |c 1982 | ||
| 300 | |a σ. 293-297; |c 24 cm | ||
| 500 | |a Από το περιοδικό "Λαογραφία", Δελτίον της Ελληνικής Λαογραφικής Εταιρείας, τόμος ΛΒ', (32) : 1979-81 | ||
| 650 | 0 | 0 | |a Folk songs, Greek. |
| 852 | |a INST |b RHODES |e 20000912 |h 888.86 ΜΗΝ |p 005400013437 |q 005400013437 |t BK |y 0 | ||
| 901 | |a BIBL4-2000-3 | ||
| 909 | |a Ρ |b 078519 | ||
| 922 | |a 4ΔΩΡ |b 200004 | ||
| 970 | |z 2000/09/ΣΟΦΙΑ | ||